[Event "Fide Mercenarios 8th"]
[Site "Mexico City"]
[Date "1995.??.??"]
[Round "3"]
[White "Ruiz, Samuel"]
[Black "Selvas, Silverio"]
[Result "0-1"]
[WhiteElo "2000"]
[BlackElo "2120"]
[PlyCount "74"]
[EventDate "1995.??.??"]
[EventType "tourn"]
[EventRounds "11"]
[EventCountry "MEX"]
[SourceTitle "EXT 2000"]
[Source "ChessBase"]
[SourceDate "1999.11.16"]
[SourceVersion "1"]
[SourceVersionDate "1999.11.16"]
[SourceQuality "1"]

1. g3 Nf6 2. Bg2 d5 3. d3 e5 4. Nf3 Nc6 5. 0-0 Bg4 6. Nbd2 Qd7 7. Re1 Rd8 8. e4 d4 9. a4 Bb4 10. Qe2 0-0 11. Rd1 a6 12. Qf1 h6 13. h3 Be6 14. g4 g5 15. Qe2 Bxd2 16. Qxd2 Nh7 17. b4 f6 18. c4 Ne7 19. Nh2 Ng6 20. Qe1 Rf7 21. Nf1 Nhf8 22. Ng3 c6 23. Nf5 Rh7 24. Qe2 Bf7 25. Bf3 Ne6 26. Qf1 Ngf4 27. Bxf4 Nxf4 28. Bg2 h5 29. f3 Be6 30. Ra2 Kf7 31. Rdd2 hxg4 32. hxg4 Bxf5 33. exf5 Rdh8 34. Kf2 e4 35. dxe4 Nxg2 36. e5 fxe5 37. Kxg2 e4 0-1

[Event "Fide Mercenarios 6th"]
[Site "Mexico City"]
[Date "1995.??.??"]
[Round "3"]
[White "Selvas, Silverio"]
[Black "Bernal Ladron De Guevara, Carlos"]
[Result "0-1"]
[WhiteElo "2120"]
[BlackElo "2000"]
[PlyCount "94"]
[EventDate "1995.??.??"]
[EventType "tourn"]
[EventRounds "11"]
[EventCountry "MEX"]
[SourceTitle "EXT 2000"]
[Source "ChessBase"]
[SourceDate "1999.11.16"]
[SourceVersion "1"]
[SourceVersionDate "1999.11.16"]
[SourceQuality "1"]

1. d4 Nf6 2. c4 e5 3. dxe5 Ng4 4. Nf3 Bc5 5. e3 Nc6 6. Be2 0-0 7. 0-0 Ngxe5 8. Nxe5 Nxe5 9. a3 a5 10. Qa4 d6 11. b4 Bd7 12. b5 Qh4 13. Nd2 Bg4 14. Bxg4 Qxg4 15. Qd1 Qe6 16. Qc2 Rfe8 17. Bb2 Rad8 18. Bxe5 dxe5 19. Ne4 Be7 20. a4 f5 21. Ng3 g6 22. Rad1 Bc5 23. Rd5 Qe7 24. Rfd1 c6 25. Rxd8 Rxd8 26. Kf1 Kf7 27. Ne2 Ke8 28. Nc1 Rxd1+ 29. Qxd1 Qh4 30. Qb3 Bb4 31. h3 Qd8 32. Qd3 Qc7 33. Ne2 cxb5 34. cxb5 Qd7 35. Nc1 Qc7 36. Nb3 e4 37. Qd1 Qh2 38. Nd4 Qh1+ 39. Ke2 Qxg2 40. Qf1 Qg5 41. Kd1 f4 42. Qc4 Qg1+ 43. Kc2 Qxf2+ 44. Qe2 Qxe2+ 45. Nxe2 fxe3 46. Ng3 h5 47. Nxe4 e2 0-1

[Event "Fide Mercenarios 6th"]
[Site "Mexico City"]
[Date "1995.??.??"]
[Round "7"]
[White "Sorensen, J."]
[Black "Selvas, Silverio"]
[Result "0-1"]
[WhiteElo "2000"]
[BlackElo "2120"]
[PlyCount "128"]
[EventDate "1995.??.??"]
[EventType "tourn"]
[EventRounds "11"]
[EventCountry "MEX"]
[SourceTitle "EXT 2000"]
[Source "ChessBase"]
[SourceDate "1999.11.16"]
[SourceVersion "1"]
[SourceVersionDate "1999.11.16"]
[SourceQuality "1"]

1. f4 Nf6 2. Nf3 g6 3. b3 Bg7 4. Bb2 d6 5. g3 0-0 6. Bg2 Nbd7 7. 0-0 e5 8. fxe5 Ng4 9. Nc3 dxe5 10. Ne4 Qe7 11. Qc1 f5 12. Ba3 c5 13. Nc3 e4 14. Ne1 Bd4+ 15. e3 Nxe3 16. dxe3 Bxc3 17. Rb1 Nf6 18. Bh3 Nd5 19. Ng2 Be6 20. Nf4 Nxf4 21. Rxf4 Rad8 22. Rf2 Rd7 23. Bb2 Qf6 24. Bxc3 Qxc3 25. Qe1 Qe5 26. Rd1 Rfd8 27. Rfd2 Qc3 28. Rxd7 Qxe1+ 29. Rxe1 Rxd7 30. Bf1 Rd2 31. Re2 Rd1 32. Kf2 Ra1 33. c4 Rd1 34. Re1 Rd6 35. Be2 Kf7 36. Rd1 Ke7 37. Ke1 Rxd1+ 38. Kxd1 Kd6 39. Kd2 a6 40. a3 b6 41. b4 g5 42. Kc3 Ke5 43. a4 a5 44. b5 Bf7 45. Kd2 h5 46. h4 gxh4 47. gxh4 f4 48. Bf1 Be6 49. Be2 Bg4 50. Bf1 fxe3+ 51. Kxe3 Bd1 52. Kd2 Bxa4 53. Be2 Kf4 54. Bxh5 Bb3 55. Be2 a4 56. Kc3 e3 57. h5 Kg5 58. Bf3 Ba2 59. Be2 Bb1 60. Kb2 Bf5 61. Ka3 Kf4 62. Kxa4 Kg3 63. h6 Kf2 64. Bg4 Bh7 0-1

[Event "Fide Mercenarios 1st"]
[Site "Mexico City"]
[Date "1994.??.??"]
[Round "10"]
[White "Guevara, Mario"]
[Black "Selvas, Silverio"]
[Result "1-0"]
[WhiteElo "2265"]
[BlackElo "2000"]
[PlyCount "57"]
[EventDate "1994.??.??"]
[EventType "tourn"]
[EventRounds "11"]
[EventCountry "MEX"]
[SourceTitle "EXT 2000"]
[Source "ChessBase"]
[SourceDate "1999.11.16"]
[SourceVersion "1"]
[SourceVersionDate "1999.11.16"]
[SourceQuality "1"]

1. e4 c5 2. Nc3 Nc6 3. g3 g6 4. Bg2 Bg7 5. d3 Rb8 6. Nh3 e6 7. 0-0 b5 8. a3 a5 9. f4 Nge7 10. f5 exf5 11. Bg5 f6 12. Be3 b4 13. axb4 axb4 14. Nd5 d6 15. exf5 Bxf5 16. g4 Nxd5 17. Bxd5 Ne7 18. Rxf5 gxf5 19. Be6 Ra8 20. Rb1 fxg4 21. Qxg4 Ng6 22. Nf4 f5 23. Bxf5 0-0 24. Be6+ Rf7 25. Bxf7+ Kxf7 26. Qe6+ Kf8 27. Nxg6+ hxg6 28. Rf1+ Bf6 29. Bh6# 1-0

[Event "Fide Mercenarios 1st"]
[Site "Mexico City"]
[Date "1994.??.??"]
[Round "1"]
[White "Lopez, Manuel"]
[Black "Selvas, Silverio"]
[Result "1/2-1/2"]
[WhiteElo "2285"]
[BlackElo "2000"]
[PlyCount "121"]
[EventDate "1994.??.??"]
[EventType "tourn"]
[EventRounds "11"]
[EventCountry "MEX"]
[SourceTitle "EXT 2000"]
[Source "ChessBase"]
[SourceDate "1999.11.16"]
[SourceVersion "1"]
[SourceVersionDate "1999.11.16"]
[SourceQuality "1"]

1. e4 c5 2. Nc3 Nc6 3. g3 g6 4. Bg2 Bg7 5. d3 Rb8 6. Be3 d6 7. f4 e6 8. Nf3 Nge7 9. 0-0 0-0 10. Qd2 Nd4 11. Nd1 f5 12. c3 Nxf3+ 13. Bxf3 b6 14. Bf2 Ba6 15. Re1 Bb7 16. Bg2 e5 17. d4 exf4 18. gxf4 fxe4 19. Bxe4 Bxe4 20. Rxe4 Nf5 21. dxc5 dxc5 22. Qe2 Re8 23. Rxe8+ Qxe8 24. Qxe8+ Rxe8 25. Kf1 h5 26. Kg2 Re2 27. Rc1 Bf6 28. Kf3 Rd2 29. a4 Bh4 30. Bg3 Bxg3 31. hxg3 Rd3+ 32. Ke4 Rxg3 33. b4 Rg1 34. bxc5 bxc5 35. Rb1 Re1+ 36. Kf3 h4 37. Kf2 Re4 38. Rb8+ Kg7 39. Rb7+ Kh6 40. Rxa7 Rxf4+ 41. Kg2 Rg4+ 42. Kh2 Rg3 43. Rd7 Ne3 44. a5 Ng4+ 45. Kh1 h3 46. Re7 Rd3 47. Nb2 Rxc3 48. Re1 Ra3 49. Nc4 Ra4 50. Ne3 Kg5 51. Rg1 Kh5 52. Rxg4 Rxa5 53. Rc4 g5 54. Kh2 Ra3 55. Ng4 Rb3 56. Nf6+ Kg6 57. Ne4 Rb4 58. Rxb4 cxb4 59. Kxh3 Kf5 60. Nc5 Kf4 61. Nd3+ 1/2-1/2